00425nam a2200157Ia 450000500170000000800410001702000150005808200130007310000150008624500760010126000280017730000190020565000160022465000150024065000120025520240704020611.0240331s9999 xx 000 0 und d a0415074490 a155bBRE aBrennan, T 4aThe interpretation of the flesh :bfreud and femininitycTeresa Brennan aLondonbRoutledgec1992 axiii, 266 p ., a Femininity aPsychology aHistory